Formes des pays commençant par E. - Statistiques

Statistiques générales
  • Ce quiz a été pris 81 fois
  • Le résultat moyen est 8 sur 9
Statistiques - réponses
Par images Réponse % Correct
Égypte
99%
États-Unis
99%
Espagne
97%
Érythrée
87%
Éthiopie
86%
Émirats arabes unis
82%
Estonie
80%
Eswatini
70%
Équateur
68%
Aucun quiz correspondant
Distribution des résultats
% des personnes avec chaque résultat
Percentile par nombre de réponses
Votre historique - résultats
Vous n’avez pas pris ce quiz